science quiz for yearlies #2 - Statistics

General Stats
  • This quiz has been taken 22 times
  • The average score is 10 of 20
Answer Stats
prompt Answer % Correct
What is the name of the largest bone femur
100%
Nuclear __ is used in 2nd-generation bombs (Hydrogen) fusion
85%
Part of the bone that produces blood cells marrow
77%
Nuclear __ is used in 1st-generation nuclear bombs (Uranium/Plutonium bombs) fission
69%
Electrons are __ charged negatively
69%
Forces are measured in: Newtons
62%
Chemical digestion is done by the __ stomach
62%
What is the main artery in your body? aorta
54%
Arteries bring blood __ the heart. away
54%
Heat transfer between solids is called conduction
54%
What is the name of the 2nd largest bone tibia
54%
A ___ compound gives the bone its hardness calcium
46%
Heat transfer between liquids is called convection
46%
Energy is measured in: Joules
46%
Heat transfer from infrared light is called radiation
46%
Concentration of Hydrogen ions in a given substance is called pH
31%
How many types of joints are there in the human body four
15%
___ gives the bone its flexibility protein
15%
Things on villi to increase surface area microvilli
8%
Living membrane that covers the bone periosteum
8%
No matching quizzes found
Score Distribution
Percent of People with Each Score
Percentile by Number Answered
Your Score History
You have not taken this quiz